|
|
|
|
| LEADER |
00848cam a2200229 7i4500 |
| 001 |
0000003761 |
| 005 |
20170218090000.0 |
| 020 |
|
|
|a 0273651471 (pbk.)
|
| 020 |
|
|
|a 9780273651475
|
| 090 |
0 |
0 |
|a HD58.7
|b .M55 2002
|
| 100 |
1 |
|
|a Mullins, Laurie J
|
| 245 |
1 |
0 |
|a Management and organisational behaviour
|c Laurie J. Mullins.
|
| 250 |
|
|
|a 6th ed.
|
| 260 |
|
|
|a New York:
|b Financial Times/Prentice Hall,
|c 2002.
|
| 300 |
|
|
|a xvii, 933 p.:
|b ill.;
|c 27 cm.
|
| 504 |
|
|
|a Includes bibliographical references and index
|
| 650 |
0 |
0 |
|a Organizational behavior
|
| 997 |
|
|
|a Business & Accountancy, Faculty
|
| 999 |
|
|
|a 0000009896
|b BOK
|c OPEN SHELF
|e 1st Floor, Shah Alam
|
| 999 |
|
|
|a 0000011920
|b BOK
|c OPEN SHELF
|e 1st Floor, Shah Alam
|
| 999 |
|
|
|a 0000028489
|b BOK
|c OPEN SHELF
|e 1st Floor, Bestari Jaya
|
| 999 |
|
|
|a 0000031462
|b BOK
|c OPEN SHELF
|e 1st Floor, Shah Alam
|